Mercantile Law / D. P. Jain (Record no. 4839)
[ view plain ]
| 000 -LEADER | |
|---|---|
| fixed length control field | 00377nam a22001337a 4500 |
| 005 - DATE AND TIME OF LATEST TRANSACTION | |
| control field | 20250314194229.0 |
| 008 - FIXED-LENGTH DATA ELEMENTS--GENERAL INFORMATION | |
| fixed length control field | 250314b |||||||| |||| 00| 0 eng d |
| 050 ## - LIBRARY OF CONGRESS CALL NUMBER | |
| Classification number | KNS856 |
| Item number | .J11 1997 |
| 100 ## - MAIN ENTRY--PERSONAL NAME | |
| Personal name | Jain, D. P. |
| 245 ## - TITLE STATEMENT | |
| Title | Mercantile Law / D. P. Jain |
| Statement of responsibility, etc. | D. P. Jain |
| 260 ## - PUBLICATION, DISTRIBUTION, ETC. | |
| Place of publication, distribution, etc. | New Delhi ; |
| Name of publisher, distributor, etc. | Konark Publishers PVT Ltd. |
| Date of publication, distribution, etc. | c 1997 |
| 300 ## - PHYSICAL DESCRIPTION | |
| Extent | xxxvi, 581 p, ; |
| 942 ## - ADDED ENTRY ELEMENTS (KOHA) | |
| Source of classification or shelving scheme | Library of Congress Classification |
| Koha item type | Books |
| Suppress in OPAC | No |
| 999 ## - | |
| -- | 4839 |
| -- | 4839 |
| Withdrawn status | Lost status | Source of classification or shelving scheme | Damaged status | Not for loan | Collection | Home library | Current library | Shelving location | Date acquired | Total checkouts | Full call number | Barcode | Date last seen | Copy number | Price effective from | Koha item type |
|---|---|---|---|---|---|---|---|---|---|---|---|---|---|---|---|---|
| Library of Congress Classification | Non-fiction | Law Library (Christ Temple) | Law Library (Christ Temple) | General stacks | 03/14/2025 | KNS856.J11 JAI | LLCT00000241 | 03/14/2025 | 1 | 03/14/2025 | Books |